| 000 | 00584nam a22002172a 4500 | ||
|---|---|---|---|
| 001 | 5710 | ||
| 003 | BD-RjUL | ||
| 005 | 20211208234120.0 | ||
| 008 | 140107t1958 enk 000 0 eng d | ||
| 035 | _a(BD-RjUL)5749 | ||
| 040 |
_aSOI _cSOI _dUKM _dEQO _dBD-RjUL _beng |
||
| 041 | _aeng | ||
| 082 | 0 | 4 |
_216 _a370 _bKEP 1958 |
| 100 | 1 |
_aKellaway, George P. _917919 |
|
| 245 | 1 | 0 |
_aPurposeful education / _cGeorge P. Kellaway. |
| 260 |
_aLondon : _bUniversity of London Press, _cc1958 |
||
| 300 |
_a119 p ; _c12 cm. |
||
| 650 | 0 |
_aEducation _917920 |
|
| 942 |
_2ddc _cBK |
||
| 999 |
_c5710 _d5710 |
||